Bài giảng cơ học môi trường liên tục Dùng cho sinh viên đại học khối kỹ thuật

Saved in:
Bibliographic Details
Main Author: Trần Minh Thuận
Format: Book
Language:Undetermined
Published: Cần Thơ Trường Đại Học Cần Thơ - Khoa Công Nghệ 1999
Subjects:
Tags: Add Tag
No Tags, Be the first to tag this record!
Institutions: Trung tâm Học liệu Trường Đại học Cần Thơ
LEADER 00651nam a2200181Ia 4500
001 CTU_34860
008 210402s9999 xx 000 0 und d
082 |a 530.1 
082 |b Th502gt 
100 |a Trần Minh Thuận 
245 0 |a Bài giảng cơ học môi trường liên tục 
245 0 |b Dùng cho sinh viên đại học khối kỹ thuật 
245 0 |c Trần Minh Thuận 
260 |a Cần Thơ 
260 |b Trường Đại Học Cần Thơ - Khoa Công Nghệ 
260 |c 1999 
650 |a mathematical physics - outlines, syllabi, etc 
980 |a Trung tâm Học liệu Trường Đại học Cần Thơ